000 00956nam a2200241 i 4500
001 bg
100 1 _aWOŁEK, Mieczysław
245 1 0 _aSprężarki tłokowe nie zanieczyszczające olejem smarnym środowiska /
_cMieczysław Wołek, Adam Gołąb.
260 _aKraków :
_bPK,
_c1995.
300 _a108 s. :
_bfot., rys., wykr. ;
_c24 cm.
490 1 _aMonografia / Politechnika Krakowska im. Tadeusza Kościuszki. Inżynieria Sanitarna i Wodna,
_x0860-097X ;
_v195
504 _aBibliogr. s. 99-103. - Summ., Zsfassung.
650 9 _aSmary
_xhigiena
650 9 _aSprężarki
_xobsługa i eksploatacja
_xzagadnienia
650 9 _aŚrodowisko człowieka
_xhigiena i ochrona
700 1 _aGOŁĄB, Adam
830 0 _aMonografia (Politechnika Krakowska im. Tadeusza Kościuszki).
_pInżynieria Sanitarna i Wodna
040 _cBPK
041 0 _apol
_bengger
080 _a621.51/.54-7:621.89
942 _cKS
008 s pl f |000 0 pol
999 _c30706
_d30706
856 _uhttp://koha.tu.koszalin.pl/cgi-bin/koha/opac-detail.pl?biblionumber=30706
_yKatalog online BPK